[Event "HUN-chT 2324"]
[Site "Hungary"]
[Date "2024.03.10"]
[Round "6.7"]
[White "Neugebauer, Martin"]
[Black "Nguyen, Huynh Minh Huy"]
[Result "1-0"]
[WhiteElo "2529"]
[BlackElo "2441"]
[PlyCount "57"]
[EventDate "2023.10.28"]
[EventType "team-tourn"]
[EventRounds "9"]
[EventCountry "HUN"]
[SourceTitle "CB16_2024"]
[SourceDate "2024.04.17"]
[SourceVersion "1"]
[SourceVersionDate "2024.04.17"]
[SourceQuality "1"]
[WhiteTeam "Ajka Sentimento"]
[BlackTeam "Dunaharaszti"]
[WhiteTeamCountry "HUN"]
[BlackTeamCountry "HUN"]

1. e4 c5 2. Nf3 g6 3. d4 cxd4 4. Qxd4 Nf6 5. e5 Nc6 6. Qa4 Nd5 7. Qb3 Nc7 8. Nc3 Ne6 9. Be3 Bg7 10. 0-0-0 Rb8 11. Bb5 Na5 12. Qb4 b6 13. Nd5 Nc7 14. Bf4 Nxd5 15. Rxd5 a6 16. Be2 b5 17. Rhd1 Nc6 18. Qd2 e6 19. Rd6 Ne7 20. Bh6 0-0 21. Bxg7 Kxg7 22. h4 f6 23. exf6+ Rxf6 24. h5 gxh5 25. Qg5+ Rg6 26. Qf4 Nf5 27. Ne5 Qf6 28. Rxd7+ Bxd7 29. Rxd7+ 1-0

[Event "CZE-chT 2324"]
[Site "Czech Republic"]
[Date "2023.10.15"]
[Round "2.6"]
[White "Petr, Martin"]
[Black "Neugebauer, Martin"]
[Result "1/2-1/2"]
[WhiteElo "2472"]
[BlackElo "2529"]
[PlyCount "54"]
[EventDate "2023.10.14"]
[EventType "team-tourn"]
[EventRounds "11"]
[EventCountry "CZE"]
[SourceTitle "Mega2024 Update 01"]
[Source "Chessbase"]
[SourceDate "2023.11.12"]
[SourceVersion "1"]
[SourceVersionDate "2023.11.12"]
[SourceQuality "1"]
[WhiteTeam "Ingem Line"]
[BlackTeam "Pardubice"]
[WhiteTeamCountry "CZE"]
[BlackTeamCountry "CZE"]

1. c4 Nf6 2. Nc3 c5 3. Nf3 Nc6 4. d4 cxd4 5. Nxd4 g6 6. e4 d6 7. f3 Nxd4 8. Qxd4 Bg7 9. Be3 0-0 10. Qd2 Be6 11. Rc1 Qa5 12. Nd5 Qxa2 13. Nxe7+ Kh8 14. Bd4 Rfe8 15. Qc3 Nh5 16. Bxg7+ Nxg7 17. b3 Qa6 18. Nd5 Bxd5 19. cxd5 Qb6 20. Bd3 f5 21. Ke2 Kg8 22. Rhe1 fxe4 23. Bxe4 Re7 24. Kf1 Rae8 25. g3 Nh5 26. Kg2 Kf7 27. Bd3 Nf6 1/2-1/2

[Event "Bratislava exe op"]
[Site "Bratislava"]
[Date "2023.09.17"]
[Round "3"]
[White "Neugebauer, Martin"]
[Black "Babula, Vlastimil1111"]
[Result "0-1"]
[WhiteElo "2542"]
[BlackElo "2255"]
[PlyCount "128"]
[EventDate "2023.09.15"]
[EventType "swiss"]
[EventRounds "9"]
[EventCountry "SVK"]
[SourceTitle "EXT 2024"]
[Source "ChessBase"]
[SourceDate "2023.10.10"]
[SourceVersion "1"]
[SourceVersionDate "2023.10.10"]
[SourceQuality "1"]

1. e4 c5 2. c3 Nf6 3. e5 Nd5 4. Nf3 d6 5. exd6 e6 6. d4 Bxd6 7. g3 b6 8. Bg2 Bb7 9. 0-0 0-0 10. c4 Nf6 11. Nc3 Nc6 12. Re1 Nxd4 13. Nxd4 cxd4 14. Bxb7 Rb8 15. Nb5 Rxb7 16. Qf3 Rd7 17. Nxd4 Bb4 18. Nc6 Qa8 19. Re3 Bc5 20. Re1 Bb4 21. Re3 Bc5 22. Re1 Rc7 23. Ne5 Qxf3 24. Nxf3 Bb4 25. Rd1 Rxc4 26. b3 Rcc8 27. Bb2 Nd5 28. Rac1 h6 29. Kf1 Rfd8 30. Ne5 Bc5 31. Ke2 f6 32. Nd3 Be7 33. Rc4 b5 34. Rcc1 Kf7 35. f4 h5 36. Kf3 a5 37. h3 a4 38. bxa4 bxa4 39. Ke4 Nb6 40. Rxc8 Rxc8 41. Rc1 a3 42. Bd4 Nc4 43. g4 hxg4 44. hxg4 Nd6+ 45. Kf3 Rh8 46. Bf2 Rh3+ 47. Bg3 Ne4 48. Kxe4 Rxg3 49. Nf2 Bd6 50. f5 Be5 51. Rc6 exf5+ 52. gxf5 Rg2 53. Kf3 Rh2 54. Ra6 Bd4 55. Nd3 Rxa2 56. Ke4 Bg1 57. Nb4 Re2+ 58. Kf3 Re5 59. Rxa3 Rxf5+ 60. Kg2 Bc5 61. Rb3 Bxb4 62. Rxb4 g5 63. Kg3 Kg6 64. Ra4 Rb5 0-1

[Event "Przeworsk"]
[Site "Przeworsk"]
[Date "2023.06.02"]
[Round "7"]
[White "Sowinski, Pawel"]
[Black "Neugebauer, Martin"]
[Result "0-1"]
[WhiteElo "2313"]
[BlackElo "2543"]
[PlyCount "48"]
[EventDate "2023.05.29"]
[EventType "tourn"]
[EventRounds "9"]
[EventCountry "POL"]
[EventCategory "8"]
[SourceTitle "CBM 214 Extra"]
[Source "ChessBase"]
[SourceDate "2023.07.31"]
[SourceVersion "1"]
[SourceVersionDate "2023.07.31"]
[SourceQuality "1"]

1. d4 Nf6 2. c4 e6 3. Nc3 Bb4 4. e3 0-0 5. Bd2 b6 6. Nf3 Bb7 7. Bd3 d6 8. 0-0 Nbd7 9. a3 Bxc3 10. Bxc3 Ne4 11. Bxe4 Bxe4 12. Nd2 Bg6 13. e4 e5 14. f4 exf4 15. Rxf4 Re8 16. Qf3 c5 17. d5 Ne5 18. Qg3 Qd7 19. Raf1 Re7 20. h4 Rae8 21. Nf3 Nd3 22. Rg4 Rxe4 23. Rg5 Nf4 24. Kh1 f6 0-1

[Event "Przeworsk"]
[Site "Przeworsk"]
[Date "2023.05.31"]
[Round "4"]
[White "Neugebauer, Martin"]
[Black "Omelja, Artem"]
[Result "1/2-1/2"]
[WhiteElo "2543"]
[BlackElo "2446"]
[PlyCount "63"]
[EventDate "2023.05.29"]
[EventType "tourn"]
[EventRounds "9"]
[EventCountry "POL"]
[EventCategory "8"]
[SourceTitle "CBM 214 Extra"]
[Source "ChessBase"]
[SourceDate "2023.07.31"]
[SourceVersion "1"]
[SourceVersionDate "2023.07.31"]
[SourceQuality "1"]

1. e4 e5 2. Nf3 Nc6 3. d4 exd4 4. Nxd4 Nf6 5. Nxc6 bxc6 6. Bd3 d5 7. exd5 cxd5 8. 0-0 Be7 9. c4 0-0 10. Nc3 Be6 11. cxd5 Nxd5 12. Nxd5 Bxd5 13. Qc2 h6 14. Be3 Bd6 15. Rfd1 c6 16. Rac1 Qf6 17. Bc4 Be5 18. b3 Rfd8 19. Bxd5 cxd5 20. Qd3 d4 21. Bd2 Rd5 22. g3 Rad8 23. Rc2 Bd6 24. Rc6 Qe7 25. Rdc1 a5 26. Rc8 Bb4 27. R1c7 Qf8 28. Bxb4 axb4 29. Rxd8 Rxd8 30. Rc1 Qd6 31. Rd1 g6 32. Kg2 1/2-1/2

[Event "SVK-chT 2223"]
[Site "Slovakia"]
[Date "2023.04.02"]
[Round "11.4"]
[White "Aczel, Gergely"]
[Black "Neugebauer, Martin"]
[Result "1/2-1/2"]
[WhiteElo "2477"]
[BlackElo "2517"]
[PlyCount "21"]
[EventDate "2022.10.22"]
[EventType "team-tourn"]
[EventRounds "11"]
[EventCountry "SVK"]
[SourceTitle "EXT 2024"]
[Source "ChessBase"]
[SourceDate "2023.10.10"]
[SourceVersion "1"]
[SourceVersionDate "2023.10.10"]
[SourceQuality "1"]
[WhiteTeam "Podhajska Aquamarin"]
[BlackTeam "Dunajska Streda"]
[WhiteTeamCountry "SVK"]
[BlackTeamCountry "SVK"]

1. d4 Nf6 2. c4 e6 3. Nc3 Bb4 4. e3 0-0 5. Bd2 d5 6. Nf3 b6 7. cxd5 exd5 8. Rc1 c5 9. dxc5 bxc5 10. a3 Ba5 11. Bb5 1/2-1/2

[Event "GRE-chT 49th"]
[Site "Thessaloniki"]
[Date "2022.08.14"]
[Round "4.5"]
[White "Gumularz, Szymon"]
[Black "Neugebauer, Martin"]
[Result "1-0"]
[WhiteElo "2515"]
[BlackElo "2528"]
[PlyCount "63"]
[EventDate "2022.08.12"]
[EventType "team-swiss"]
[EventRounds "7"]
[EventCountry "GRE"]
[SourceTitle "CBM 209 Extra"]
[Source "ChessBase"]
[SourceDate "2022.09.30"]
[SourceVersion "1"]
[SourceVersionDate "2022.09.30"]
[SourceQuality "1"]
[WhiteTeam "Thessaloniki Aris"]
[BlackTeam "Amo Galaxias"]
[WhiteTeamCountry "GRE"]
[BlackTeamCountry "GRE"]

1. Nf3 c5 2. e3 Nf6 3. b3 g6 4. Bb2 Bg7 5. c4 0-0 6. Be2 Nc6 7. 0-0 d6 8. d4 Bf5 9. d5 Na5 10. Nc3 a6 11. Qc1 Rb8 12. Nd2 Bg4 13. Bd3 Bd7 14. Qc2 b5 15. Rab1 e5 16. dxe6 fxe6 17. Nce4 Qe7 18. Nxf6+ Bxf6 19. Bxf6 Qxf6 20. Ne4 Qe7 21. Rbd1 Bc6 22. Be2 bxc4 23. bxc4 Rb4 24. a3 Ba4 25. Qc3 Bxd1 26. Rxd1 Ra4 27. Rxd6 Qg7 28. Qxg7+ Kxg7 29. Nxc5 Rxa3 30. Nxe6+ Kf7 31. Nxf8 Ra1+ 32. Bf1 1-0

[Event "GRE-chT 49th"]
[Site "Thessaloniki"]
[Date "2022.08.13"]
[Round "3.3"]
[White "Neugebauer, Martin"]
[Black "Livaic, Leon"]
[Result "1/2-1/2"]
[WhiteElo "2528"]
[BlackElo "2576"]
[PlyCount "120"]
[EventDate "2022.08.12"]
[EventType "team-swiss"]
[EventRounds "7"]
[EventCountry "GRE"]
[SourceTitle "CBM 209 Extra"]
[Source "ChessBase"]
[SourceDate "2022.09.30"]
[SourceVersion "1"]
[SourceVersionDate "2022.09.30"]
[SourceQuality "1"]
[WhiteTeam "Amo Galaxias"]
[BlackTeam "Kavalas"]
[WhiteTeamCountry "GRE"]
[BlackTeamCountry "GRE"]

1. e4 c5 2. Nf3 d6 3. d4 cxd4 4. Nxd4 Nf6 5. Nc3 a6 6. h3 g6 7. g4 Bg7 8. Be3 0-0 9. g5 Nh5 10. Qd2 Nc6 11. Nb3 b5 12. 0-0-0 Be6 13. Kb1 Rc8 14. Nd5 Ne5 15. Qa5 Bxd5 16. exd5 Qd7 17. Nd4 Qb7 18. Bg2 Nc4 19. Qe1 Nxe3 20. Qxe3 Bxd4 21. Rxd4 e5 22. Rd2 Nf4 23. Bf3 b4 24. Qb3 Qb5 25. a4 Qc4 26. Ka2 a5 27. Bg4 Qxb3+ 28. Kxb3 Rc7 29. h4 h6 30. Re1 Kg7 31. Re4 h5 32. Be2 f6 33. gxf6+ Kxf6 34. Bb5 g5 35. hxg5+ Kxg5 36. Bc6 h4 37. c4 bxc3 38. bxc3 h3 39. c4 Rb8+ 40. Bb5 h2 41. Re1 Rh8 42. Rh1 Kg4 43. f3+ Kxf3 44. Rdxh2 Rxh2 45. Rxh2 e4 46. Bc6 e3 47. c5 e2 48. Rh1 dxc5 49. Kc4 Kf2 50. Kxc5 Rh7 51. Ra1 Rh5 52. Kb6 Nxd5+ 53. Kxa5 Nc3+ 54. Kb6 Rg5 55. a5 Rg1 56. Rxg1 Kxg1 57. a6 e1Q 58. a7 Qe3+ 59. Kb7 Qe7+ 60. Kb8 Qd8+ 1/2-1/2

[Event "Piestany Slovakia op-A"]
[Site "Piestany"]
[Date "2022.07.18"]
[Round "9"]
[White "Krasenkow, Michal"]
[Black "Neugebauer, Martin"]
[Result "1/2-1/2"]
[WhiteElo "2569"]
[BlackElo "2528"]
[PlyCount "88"]
[EventDate "2022.07.11"]
[EventType "swiss"]
[EventRounds "9"]
[EventCountry "SVK"]
[SourceTitle "CBM 209 Extra"]
[Source "ChessBase"]
[SourceDate "2022.09.30"]
[SourceVersion "1"]
[SourceVersionDate "2022.09.30"]
[SourceQuality "1"]

1. d4 Nf6 2. c4 e6 3. Nf3 b6 4. a3 Ba6 5. Nbd2 d5 6. e3 Be7 7. b4 0-0 8. Bb2 Nbd7 9. cxd5 Bxf1 10. Nxf1 Nxd5 11. e4 Nf4 12. Ne3 c5 13. g3 Nh3 14. Kf1 Ng5 15. Nxg5 Bxg5 16. f4 cxd4 17. Qxd4 e5 18. Qd5 exf4 19. gxf4 Bxf4 20. Rg1 Ne5 21. Qxd8 Rfxd8 22. Nd5 Rxd5 23. exd5 Rd8 24. Rd1 Bxh2 25. Rg2 Bf4 26. Rd4 Ng6 27. Rxg6 hxg6 28. Rxf4 Rxd5 29. Rd4 Rxd4 30. Bxd4 Kf8 31. a4 Ke7 32. Bxg7 Kd6 33. Ke2 Kd5 34. Kd3 f5 35. Bf6 f4 36. Bd8 f3 37. Bh4 g5 38. Bf2 Ke5 39. Bg3+ Kd5 40. Be1 Ke5 41. Bf2 Kd5 42. Bg3 g4 43. Bb8 f2 44. Ke2 Kc4 1/2-1/2

[Event "Piestany Slovakia op-A"]
[Site "Piestany"]
[Date "2022.07.13"]
[Round "3"]
[White "Delgerdalai, Bayarjavkhlan"]
[Black "Neugebauer, Martin"]
[Result "0-1"]
[WhiteElo "2209"]
[BlackElo "2528"]
[PlyCount "102"]
[EventDate "2022.07.11"]
[EventType "swiss"]
[EventRounds "9"]
[EventCountry "SVK"]
[SourceTitle "CBM 209 Extra"]
[Source "ChessBase"]
[SourceDate "2022.09.30"]
[SourceVersion "1"]
[SourceVersionDate "2022.09.30"]
[SourceQuality "1"]

1. d4 Nf6 2. c4 e6 3. Nf3 d5 4. e3 Be7 5. b3 0-0 6. Bd3 b6 7. Bb2 Bb7 8. 0-0 c5 9. Nc3 Nbd7 10. Qe2 cxd4 11. exd4 Re8 12. Rfe1 a6 13. Rad1 Nf8 14. Ne5 Ng6 15. Nxg6 hxg6 16. Qe3 Rc8 17. Ne2 Bb4 18. Rf1 Bd6 19. Qg5 Bb8 20. Ng3 Qd7 21. h4 Qc6 22. Ne2 Qc7 23. f4 dxc4 24. bxc4 Be4 25. c5 Qb7 26. Ba1 bxc5 27. dxc5 Rxc5 28. Qg3 Bxd3 29. Qxd3 Rd5 30. Qf3 Ba7+ 31. Kh2 Qd7 32. Nc3 Rxd1 33. Rxd1 Qc7 34. Ne4 Nd5 35. Be5 Qe7 36. Kh3 f6 37. Bd6 Qd7 38. Bc5 f5 39. Nd6 Bxc5 40. Nxe8 Bf8 41. Re1 Kf7 42. h5 Kxe8 43. hxg6 Bb4 44. Re2 Ke7 45. a3 Bc3 46. g3 Qb5 47. Rc2 Qb1 48. Qd3 Qh1+ 49. Rh2 Qe4 50. Qd1 Qe3 51. Qf1 Kf6 0-1

[Event "Piestany Slovakia op-A"]
[Site "Piestany"]
[Date "2022.07.11"]
[Round "1"]
[White "Isha, Sharma"]
[Black "Neugebauer, Martin"]
[Result "1-0"]
[WhiteElo "2236"]
[BlackElo "2528"]
[PlyCount "111"]
[EventDate "2022.07.11"]
[EventType "swiss"]
[EventRounds "9"]
[EventCountry "SVK"]
[SourceTitle "CBM 209 Extra"]
[Source "ChessBase"]
[SourceDate "2022.09.30"]
[SourceVersion "1"]
[SourceVersionDate "2022.09.30"]
[SourceQuality "1"]

1. e4 c5 2. Nf3 d6 3. d4 cxd4 4. Nxd4 Nf6 5. Nc3 a6 6. Be3 e5 7. Nb3 Be7 8. h3 Be6 9. f4 exf4 10. Bxf4 Nc6 11. Qe2 Qc7 12. 0-0-0 Rc8 13. Kb1 0-0 14. g4 Ne5 15. Nd4 Qb6 16. Qe3 Qa5 17. Nb3 Qc7 18. g5 Nfd7 19. Rh2 Nb6 20. Nd5 Bxd5 21. exd5 Rfe8 22. Qg3 Bf8 23. h4 g6 24. h5 Bg7 25. hxg6 hxg6 26. Qh3 Nec4 27. c3 Re4 28. Bc1 Ne5 29. Nd4 Re8 30. Bg2 Rg4 31. Qh7+ Kf8 32. Ne6+ fxe6 33. Rf1+ Nf7 34. dxe6 Rxe6 35. Bh3 Rge4 36. Bxe6 Rxe6 37. Rhf2 Re7 38. Qxg6 Kg8 39. Rh2 Qc4 40. Rf4 Qd5 41. Qh7+ Kf8 42. g6 Qd3+ 43. Ka1 Nd5 44. Rxf7+ Rxf7 45. gxf7 Qxh7 46. Rxh7 Nf6 47. Rh4 Kxf7 48. Bh6 Bxh6 49. Rxh6 Ke7 50. Kb1 Nd7 51. Kc2 Ne5 52. Rh7+ Nf7 53. Kd3 Ke6 54. Kd4 Nd8 55. Rh6+ Kd7 56. Kd5 1-0

[Event "SVK-chT 2122"]
[Site "Slovakia"]
[Date "2022.06.11"]
[Round "10.1"]
[White "Neugebauer, Martin"]
[Black "Pulpan, Jakub"]
[Result "1-0"]
[WhiteElo "2485"]
[BlackElo "2406"]
[PlyCount "95"]
[EventDate "2021.10.23"]
[EventType "team-tourn"]
[EventRounds "11"]
[EventCountry "SVK"]
[SourceTitle "EXT 2023"]
[Source "ChessBase"]
[SourceDate "2022.10.05"]
[SourceVersion "1"]
[SourceVersionDate "2022.10.05"]
[SourceQuality "1"]
[WhiteTeam "Kosice Slavia UPJS"]
[BlackTeam "Osuske"]
[WhiteTeamCountry "SVK"]
[BlackTeamCountry "SVK"]

1. e4 c5 2. Nf3 Nc6 3. d4 cxd4 4. Nxd4 g6 5. c4 Nf6 6. Nc3 d6 7. f3 Nxd4 8. Qxd4 Bg7 9. Be3 0-0 10. Qd2 Be6 11. Rc1 Rc8 12. b3 Nd7 13. Be2 a6 14. 0-0 Kh8 15. Nd5 f5 16. exf5 Bxf5 17. Rfd1 Nf6 18. Nb6 Rc6 19. Qb4 Qc7 20. a4 Be6 21. a5 Nd7 22. Nd5 Bxd5 23. cxd5 Rc3 24. Bd2 Rc5 25. Kh1 Nf6 26. Rxc5 dxc5 27. Qc4 Rd8 28. Be1 Qd7 29. Qxc5 Nxd5 30. Bh4 Qd6 31. Bxe7 Qxc5 32. Bxc5 Rd7 33. Bc4 Nb6 34. Rxd7 Nxd7 35. Bd6 Ne5 36. Bd5 Nc6 37. b4 Bc3 38. b5 Nxa5 39. bxa6 bxa6 40. f4 Kg7 41. g4 h6 42. Kg2 Kh7 43. Kf3 g5 44. f5 Kg7 45. Ke4 Kh7 46. Bc5 Bf6 47. Bb4 Bd8 48. Ke5 1-0

[Event "SVK-chT 2122"]
[Site "Slovakia"]
[Date "2022.06.10"]
[Round "9.2"]
[White "Neugebauer, Martin"]
[Black "Simacek, Pavel"]
[Result "1-0"]
[WhiteElo "2485"]
[BlackElo "2444"]
[PlyCount "67"]
[EventDate "2021.10.23"]
[EventType "team-tourn"]
[EventRounds "11"]
[EventCountry "SVK"]
[SourceTitle "EXT 2023"]
[Source "ChessBase"]
[SourceDate "2022.10.05"]
[SourceVersion "1"]
[SourceVersionDate "2022.10.05"]
[SourceQuality "1"]
[WhiteTeam "Kosice Slavia UPJS"]
[BlackTeam "Humenne Reinter"]
[WhiteTeamCountry "SVK"]
[BlackTeamCountry "SVK"]

1. e4 e5 2. Nf3 Nc6 3. Bb5 a6 4. Ba4 Nf6 5. d3 b5 6. Bb3 Bc5 7. c3 d6 8. 0-0 Bb6 9. a4 Rb8 10. Bg5 h6 11. Bh4 Ne7 12. axb5 axb5 13. Bxf6 gxf6 14. Nh4 Be6 15. Bxe6 fxe6 16. Na3 c6 17. Nc2 Kd7 18. c4 Qg8 19. cxb5 cxb5 20. d4 Ng6 21. Nxg6 Qxg6 22. Qd3 Ke7 23. Rfd1 Rhe8 24. Ra6 Kf7 25. d5 exd5 26. Qxd5+ Kg7 27. Rd3 Kh8 28. Rg3 Qh7 29. Qxd6 Qf7 30. Rxb6 Rbd8 31. Qb4 Rd1+ 32. Ne1 Qe7 33. Qc3 Qc7 34. Rxf6 1-0

[Event "Przeworsk"]
[Site "Przeworsk"]
[Date "2022.06.04"]
[Round "8"]
[White "Neugebauer, Martin"]
[Black "Omelja, Artem"]
[Result "1-0"]
[WhiteElo "2505"]
[BlackElo "2515"]
[PlyCount "83"]
[EventDate "2022.05.30"]
[EventType "tourn"]
[EventRounds "9"]
[EventCountry "POL"]
[EventCategory "8"]
[SourceTitle "CBM 208 Extra"]
[Source "ChessBase"]
[SourceDate "2022.07.31"]
[SourceVersion "1"]
[SourceVersionDate "2022.07.31"]
[SourceQuality "1"]

1. e4 e5 2. Nf3 Nc6 3. Bb5 Nf6 4. d3 Bc5 5. c3 0-0 6. 0-0 d6 7. Nbd2 a6 8. Ba4 b5 9. Bc2 a5 10. a4 b4 11. Re1 h6 12. Nf1 bxc3 13. bxc3 Bb6 14. Ng3 Ne7 15. d4 Ng6 16. Nf5 Kh7 17. Bd2 Qe8 18. Qc1 Ng8 19. Rb1 Rb8 20. Ne3 f6 21. h3 N8e7 22. Nc4 Ba6 23. Nxb6 cxb6 24. Qa3 Qc6 25. h4 Qc7 26. Bb3 Nc6 27. Be6 Nge7 28. Rb2 Bc8 29. Qa2 f5 30. dxe5 dxe5 31. exf5 Nxf5 32. Bxc8 Qxc8 33. Qb1 Qe6 34. h5 Kh8 35. Bf4 Qf7 36. Nxe5 Nxe5 37. Bxe5 Rbe8 38. Rxb6 Qxh5 39. Rb5 Qg4 40. Qe4 Qg5 41. Rxa5 Nh4 42. Re3 1-0

[Event "Przeworsk"]
[Site "Przeworsk"]
[Date "2022.06.02"]
[Round "5"]
[White "Mikrut, Dariusz"]
[Black "Neugebauer, Martin"]
[Result "0-1"]
[WhiteElo "2361"]
[BlackElo "2505"]
[PlyCount "46"]
[EventDate "2022.05.30"]
[EventType "tourn"]
[EventRounds "9"]
[EventCountry "POL"]
[EventCategory "8"]
[SourceTitle "CBM 208 Extra"]
[Source "ChessBase"]
[SourceDate "2022.07.31"]
[SourceVersion "1"]
[SourceVersionDate "2022.07.31"]
[SourceQuality "1"]

1. e4 c5 2. Nf3 Nf6 3. Nc3 d6 4. d4 cxd4 5. Nxd4 a6 6. Bg5 Nbd7 7. Qe2 e6 8. f4 Qc7 9. 0-0-0 Be7 10. g4 b5 11. Bg2 b4 12. Nd5 exd5 13. Nf5 Nb6 14. e5 dxe5 15. fxe5 Bxf5 16. exf6 gxf6 17. gxf5 fxg5 18. Rhe1 Kf8 19. Bxd5 Nxd5 20. Rxd5 Bf6 21. Red1 Kg7 22. Rd7 Qf4+ 23. Kb1 Qe5 0-1

[Event "SVK-chT 2122"]
[Site "Slovakia"]
[Date "2022.05.07"]
[Round "7.3"]
[White "Neugebauer, Martin"]
[Black "Bagi, Mate"]
[Result "1/2-1/2"]
[WhiteElo "2485"]
[BlackElo "2477"]
[PlyCount "63"]
[EventDate "2021.10.23"]
[EventType "team-tourn"]
[EventRounds "11"]
[EventCountry "SVK"]
[SourceTitle "EXT 2023"]
[Source "ChessBase"]
[SourceDate "2022.10.05"]
[SourceVersion "1"]
[SourceVersionDate "2022.10.05"]
[SourceQuality "1"]
[WhiteTeam "Kosice Slavia UPJS"]
[BlackTeam "Dunajska Streda"]
[WhiteTeamCountry "SVK"]
[BlackTeamCountry "SVK"]

1. e4 e5 2. Nf3 Nc6 3. d4 exd4 4. Nxd4 Nf6 5. Nxc6 bxc6 6. Bd3 d5 7. exd5 cxd5 8. 0-0 Be7 9. c4 0-0 10. Nc3 d4 11. Ne4 Rb8 12. Nxf6+ Bxf6 13. b4 Re8 14. b5 Qd6 15. Qc2 g6 16. c5 Qd5 17. Bf4 Bf5 18. a4 Bxd3 19. Qxd3 Qxc5 20. Rac1 Qd5 21. Rxc7 Rb7 22. Rxb7 Qxb7 23. Rc1 Qd5 24. h3 Qa2 25. Rc6 Bg7 26. Qc2 Qxc2 27. Rxc2 d3 28. Rc7 Be5 29. Bxe5 Rxe5 30. Rd7 Re1+ 31. Kh2 Ra1 32. Rxd3 1/2-1/2

[Event "AUT-chT 2122"]
[Site "Austria"]
[Date "2022.04.23"]
[Round "11.2"]
[White "Neugebauer, Martin"]
[Black "Bluebaum, Matthias"]
[Result "0-1"]
[WhiteElo "2501"]
[BlackElo "2647"]
[PlyCount "102"]
[EventDate "2021.11.04"]
[EventType "team-tourn"]
[EventRounds "11"]
[EventCountry "AUT"]
[SourceTitle "EXT 2023"]
[Source "ChessBase"]
[SourceDate "2022.10.05"]
[SourceVersion "1"]
[SourceVersionDate "2022.10.05"]
[SourceQuality "1"]
[WhiteTeam "Bregenz"]
[BlackTeam "Jenbach"]
[WhiteTeamCountry "AUT"]
[BlackTeamCountry "AUT"]

1. c4 c6 2. Nf3 d5 3. d4 Nf6 4. Qb3 dxc4 5. Qxc4 Bf5 6. g3 e6 7. Bg2 Be7 8. 0-0 0-0 9. e3 Nbd7 10. Rd1 Qa5 11. Qe2 Rac8 12. Nc3 Ne4 13. Bd2 Nxd2 14. Nxd2 Rfd8 15. Rac1 h6 16. Nb3 Qb4 17. e4 Bg6 18. d5 Bf6 19. dxc6 bxc6 20. f4 Nc5 21. Nxc5 Qxc5+ 22. Kh1 Rxd1+ 23. Rxd1 Bxc3 24. Rc1 Qa5 25. bxc3 Rd8 26. h3 Qa3 27. Rc2 Qd6 28. Kh2 f6 29. Rb2 Qc5 30. Rd2 Rxd2 31. Qxd2 e5 32. Qd8+ Kh7 33. Qc7 exf4 34. gxf4 Qf2 35. Qxc6 Qxf4+ 36. Kh1 Qe5 37. Qc4 a5 38. Qd4 Qc7 39. c4 Bf7 40. Bf1 Qg3 41. Bg2 Be6 42. c5 Bxa2 43. Qd7 Qe1+ 44. Kh2 Qc3 45. c6 Qe5+ 46. Kg1 Be6 47. Qa7 Qa1+ 48. Kf2 a4 49. Qe7 Qa2+ 50. Kg1 a3 51. Bf1 Qb3 0-1

[Event "AUT-chT 2122"]
[Site "Austria"]
[Date "2022.04.21"]
[Round "9.3"]
[White "Neugebauer, Martin"]
[Black "Haba, Petr"]
[Result "1/2-1/2"]
[WhiteElo "2501"]
[BlackElo "2459"]
[PlyCount "143"]
[EventDate "2021.11.04"]
[EventType "team-tourn"]
[EventRounds "11"]
[EventCountry "AUT"]
[SourceTitle "EXT 2023"]
[Source "ChessBase"]
[SourceDate "2022.10.05"]
[SourceVersion "1"]
[SourceVersionDate "2022.10.05"]
[SourceQuality "1"]
[WhiteTeam "Bregenz"]
[BlackTeam "Grieskirchen/Schallerbach"]
[WhiteTeamCountry "AUT"]
[BlackTeamCountry "AUT"]

1. e4 c5 2. Nf3 e6 3. d4 cxd4 4. Nxd4 Nc6 5. Nc3 Qc7 6. Be3 a6 7. f4 b5 8. Nxc6 Qxc6 9. Be2 Ba3 10. Na4 bxa4 11. bxa3 Nf6 12. Bf3 d5 13. exd5 exd5 14. 0-0 0-0 15. Bd4 Ne4 16. Re1 Bf5 17. Rc1 Nd6 18. Be5 Be4 19. Bxe4 Nxe4 20. c4 dxc4 21. Qd4 f6 22. Qxe4 Qxe4 23. Rxe4 fxe5 24. fxe5 Rad8 25. h4 h5 26. Rcxc4 Rd1+ 27. Kh2 Re8 28. Rc6 Rd5 29. e6 a5 30. Rxa4 Re5 31. Kg3 R5xe6 32. Rxe6 Rxe6 33. Rxa5 Re3+ 34. Kf4 Re2 35. Rg5 Rxa2 36. Rg3 Kh7 37. Ke4 g6 38. Kd5 Rf2 39. Ke4 Ra2 40. Kd4 Rf2 41. Kc3 Rf4 42. Kb3 Rxh4 43. a4 Re4 44. a5 h4 45. Rg5 Kh6 46. Rc5 Re6 47. Rb5 Re3+ 48. Kb4 Re4+ 49. Ka3 Re1 50. Rb2 Kh5 51. a6 Re6 52. Rb5+ Kg4 53. Ra5 Re8 54. Kb4 g5 55. Ra3 Rf8 56. Kc5 Rf5+ 57. Kd6 Rf8 58. a7 Ra8 59. Kc5 Rxa7 60. Rxa7 Kg3 61. Rg7 Kxg2 62. Rxg5+ Kf3 63. Rh5 Kg3 64. Kd4 h3 65. Ke3 Kg2 66. Rg5+ Kf1 67. Rf5+ Kg2 68. Rf2+ Kg3 69. Rf8 Kg2 70. Ke2 h2 71. Rg8+ Kh1 72. Kf2 1/2-1/2

[Event "AUT-chT 2122"]
[Site "Austria"]
[Date "2022.03.24"]
[Round "5.5"]
[White "Bosiocic, Marin"]
[Black "Neugebauer, Martin"]
[Result "1/2-1/2"]
[WhiteElo "2545"]
[BlackElo "2501"]
[PlyCount "81"]
[EventDate "2021.11.04"]
[EventType "team-tourn"]
[EventRounds "11"]
[EventCountry "AUT"]
[SourceTitle "EXT 2023"]
[Source "ChessBase"]
[SourceDate "2022.10.05"]
[SourceVersion "1"]
[SourceVersionDate "2022.10.05"]
[SourceQuality "1"]
[WhiteTeam "St Veit"]
[BlackTeam "Bregenz"]
[WhiteTeamCountry "AUT"]
[BlackTeamCountry "AUT"]

1. d4 Nf6 2. c4 e6 3. Nf3 b6 4. g3 Ba6 5. Nbd2 Bb7 6. Bg2 d5 7. Ne5 Be7 8. Qa4+ c6 9. cxd5 exd5 10. 0-0 0-0 11. e4 b5 12. Qc2 Qb6 13. Re1 Na6 14. a3 Rac8 15. b4 c5 16. bxc5 Nxc5 17. exd5 Ne6 18. Ndc4 Nxd4 19. Nxb6 Rxc2 20. Nbd7 Ne2+ 21. Kf1 Nxd7 22. Nxd7 Rd8 23. Rxe2 Rxe2 24. Kxe2 Rxd7 25. Be3 a6 26. a4 Bxd5 27. Bxd5 Rxd5 28. axb5 axb5 29. Ra8+ Rd8 30. Ra7 Bd6 31. Rb7 Rb8 32. Rd7 Bf8 33. Bf4 Re8+ 34. Kf3 b4 35. Rb7 Ra8 36. g4 f6 37. h4 Ra1 38. g5 fxg5 39. hxg5 Re1 40. Be3 Rd1 41. Ke4 1/2-1/2